opac header image

Marine ecology: concepts and applications (Record no. 2418)

MARC details
000 -LEADER
fixed length control field 00518nam a2200181Ia 4500
008 - FIXED-LENGTH DATA ELEMENTS--GENERAL INFORMATION
fixed length control field 140908s9999 xx 000 0 und d
020 ## - INTERNATIONAL STANDARD BOOK NUMBER
International Standard Book Number 9781405126991
040 ## - CATALOGING SOURCE
Original cataloging agency NISER LIBRARY
041 ## - LANGUAGE CODE
Language code of text/sound track or separate title English
082 ## - DEWEY DECIMAL CLASSIFICATION NUMBER
Classification number 574:591.9
Item number SPE-M
100 ## - MAIN ENTRY--PERSONAL NAME
Personal name Speight, Martin
245 ## - TITLE STATEMENT
Title Marine ecology: concepts and applications
Statement of responsibility, etc. Martin Speight and Peter Henderson
260 ## - PUBLICATION, DISTRIBUTION, ETC. (IMPRINT)
Place of publication, distribution, etc. West Sussex
Name of publisher, distributor, etc. Wiley- Blackwell
Date of publication, distribution, etc. 2010
300 ## - PHYSICAL DESCRIPTION
Extent ix, 276p.
650 ## - SUBJECT ADDED ENTRY--TOPICAL TERM
Topical term or geographic name as entry element MARINE ECOLOGY
700 ## - ADDED ENTRY--PERSONAL NAME
Personal name Henderson, Peter
Relator code Auth.
942 ## - ADDED ENTRY ELEMENTS (KOHA)
Koha item type Book
Holdings
Withdrawn status Lost status Damaged status Not for loan Home library Current library Date acquired Total Checkouts Total Renewals Full call number Barcode Date last seen Date checked out Price effective from Koha item type
        NISER LIBRARY NISER LIBRARY 09/09/2014 4 9 574:591.9 SPE-M 10347 02/07/2025 11/05/2025 09/09/2014 Book